| 000 | 00719nam a22001937a 4500 | ||
|---|---|---|---|
| 010 | _a1718CH-EN | ||
| 020 |
_a9781847495914 _c299.00 |
||
| 035 | _aB-672911-924 | ||
| 037 |
_aDPL _bPragati |
||
| 082 | _aS | ||
| 100 | _aAubry, Cecile | ||
| 245 |
_aBelle and sebastren: the child of the mountains / _cby Cecile Aubry; illustrated by Helen Stephens |
||
| 260 |
_aLondon _bAlma Books _c2016 |
||
| 270 |
_a3 Castle Yard, Richmond, Surrey TW10 6TF _bUnited Kingdom |
||
| 300 |
_a192p. _c21cm(Hb) |
||
| 700 | _aStephens, Helen | ||
| 942 |
_2ddc _cCH _mAUB _hS |
||
| 999 |
_c141580 _d141580 |
||